Music Quiz

Random Music or Album Quiz

Buckethead albums by song Quiz Stats

 Plays Quiz not verified by Sporcle

Also try: Ebony and Ivory
Challenge
Share
Tweet
Embed
Score 0/39 Timer 20:00
0 Plays Today
Songs Album % Correct
Padmasana, DaturaElectric Tears
93.6%
Giant Robot Theme, Computer MasterBucketheadland
89.9%
King James, SoothsayerCrime Slunk Scene
89.9%
For Mom, Watching The Boats With My DadColma
87.2%
The Cobra's Hood, Frozen Brains Tell No TalesBucketheadland 2
84.4%
Siege Engine, Spooner ArksAlbino Slug
83.5%
Doomride, AquabotGiant Robot
83.5%
Too Many Humans, ...Population Override
82.6%
Beyond the Knowing, BachetheadElectric Sea
80.7%
Final Wars, GiganThe Elephant Man's Alarm Clock
78.9%
Botnus, FunbusEnter the Chicken
78.9%
Flight 19, WhatevasBermuda Triangle
74.3%
Jump Man, JowlsMonsters and Robots
74.3%
Asylum of Glass, DiscetoDecoding The Tomb Of Bansheebot
73.4%
Light, Star ChasingCaptain Eo's Voyage
72.5%
For Mom (early version), SpiralsAcoustic Shards
71.6%
Golden Eyes, Look Up ThereLook Up There
71.6%
Plankton, Towel in the KitchenPepper's Ghost
70.6%
Johnny Be Slunk, Plastination StationInbred Mountain
69.7%
Seperate Sky, The Return of Captain EOA Real Diamond In The Rough
67.9%
Songs Album % Correct
Lebron, Goat HostSlaughterhouse on the Prairie
67%
Underground ChamberUnderground Chamber
67%
Help Me, Burlap CurtainSomewhere Over The Slaughterhouse
66.1%
Arc Of The Pendulum, Moths to FlameThe Cuckoo Clocks Of Hell
64.2%
Inward Journey, Walk on the MoonShadows Between The Sky
64.2%
Lebrontron, Brooding PeepsIt's Alive
63.3%
Whale On This, Bayou By YouSpinal Clock
63.3%
Breakfast Cyborg, Pylon ShiftKaleidoscalp
59.6%
Sneak Attack, Aunt SuzieCyborg Slunks
58.7%
Covert, R.I.P.Funnel Weaver
57.8%
Wormers, PulletsEmpty Space
56.9%
Dream Darts, Korova Binge BarIsland of Lost Minds
56.9%
Destroyer, Quantum CrashThe Day of the Robot
56%
Whirlwind, PlungerForensic Follies
55%
Counter Clockwise, Smile Without a FaceThe Shores of Molokai
55%
Carcass Cable, FirnaceNeedle in a Slunk Stack
54.1%
Red Water Colors, Veil of TinfoilBalloon Cement
53.2%
Space Mountain, La GrimaFrom the Coop
50.5%
Griffin's Spike, Harpoon the Goon3 Foot Clearence
42.2%

You're not logged in!

Compare scores with friends on all Sporcle quizzes.
OR
Log In

You Might Also Like...

Show Comments

Extras

Top Quizzes Today


Score Distribution

Your Account Isn't Verified!

In order to create a playlist on Sporcle, you need to verify the email address you used during registration. Go to your Sporcle Settings to finish the process.

Report this User

Report this user for behavior that violates our Community Guidelines.

Details: